Mailles des poissons a pêcher en méditerranée - Statistiques

Statistiques générales
  • Ce quiz a été pris 31 fois
  • Le résultat moyen est 8 sur 13
Statistiques - réponses
Par images Hint Réponse % Correct
750g Poulpe
89%
60cm Congre
81%
23cm Dorade
81%
30cm Loup
81%
25cm Sole
81%
30cm Mulet
78%
15cm Rouget
78%
23cm Sar
78%
30cm Chapon
44%
18cm Sar a tête noire
37%
20cm Marbré
33%
30cm Mostelle
26%
33cm Pageot rose
11%
Aucun quiz correspondant
Distribution des résultats
% des personnes avec chaque résultat
Percentile par nombre de réponses
Votre historique - résultats
Vous n’avez pas pris ce quiz